MARC details
| 000 - LÍDER |
| campo de control de longitud fija |
01485nam a2200241Ia 4500 |
| 008 - ELEMENTOS DE DATOS DE LONGITUD FIJA - INFORMACIÓN GENERAL |
| campo de control de longitud fija |
0000002007 sp ad 0000000000mul00 |
| 090 ## - NÚMERO DE LLAMADA DE TIPO LC LOCALMENTE ASIGNADO (OCLC) |
| Número de clasificación (OCLC) (R) |
PSP00 P27p |
| 245 10 - TÍTULO DECLARACIÓN |
| Título |
Perejaume |
| Resto del título |
: los horizontes y las cinturas |
| Declaración de responsabilidad |
/ traducciones Reyes Sisternas, Josephine Watson ; fotografías Martín García Pérez, Martí Gasull |
| 260 ## - PUBLICACIÓN, DISTRIBUCIÓN |
| Lugar de publicación |
Madrid : Galería Soledad Lorenzo |
| Fecha de publicación |
2007 |
| 300 ## - DESCRIPCIÓN FÍSICA |
| Alcance |
43 p. |
| Dimensiones |
/ 28 cm. |
| 500 ## - NOTA GENERAL |
| Nota general |
Exposición realizada en Galería Soledad Lorenzo, Madrid, abril 11 mayo 16, 2007 \ Incluye cronología del artista \ Texto en español, catalán e inglés \ Pere Jaume Borrell i Guinart nombre real del artista Perejaume \ Proyecto Ganador Programa Apoyos Concertados FGAA 2010 |
| 501 ## - Con nota |
| Con nota |
Los horizontes y las cinturas : contrapaso : Perejaume = Els horitzons i les cintures : contrap...s : Perejaume = Horizons and waistlines : contrapas : Perejaume |
| 505 ## - NOTA DE CONTENIDO FORMATEADA |
| Nota sobre el contenido formateado |
OBRAS : Ball de muntanyes Teló de muntanyes Plecs Les muntanyes Faldilles L'alcaria i la fondária Ram a la cota 1600 Muntanyes Els horitzons i les cintures Pantalla |
| 600 00 - ENTRADA DE SUJETO AÑADIDO - NOMBRE PERSONAL |
| Nombre de la persona |
PEREJAUME, 1957/ |
| Subdivisión general |
TRABAJOS PICTORICOS |
| 650 14 - ENTRADA DE SUJETO AÑADIDO - TÉRMINO TÓPICO |
| Término tópico o elemento de entrada del nombre geográfico |
ARTE CONTEMPORANEO ESPAÑOL |
| 650 14 - ENTRADA DE SUJETO AÑADIDO - TÉRMINO TÓPICO |
| Término tópico o elemento de entrada del nombre geográfico |
ARTISTAS PLASTICOS ESPAÑOLES EXPOSIONES |
| 650 14 - ENTRADA DE SUJETO AÑADIDO - TÉRMINO TÓPICO |
| Subdivisión general |
CATALOGOS |
| 650 14 - ENTRADA DE SUJETO AÑADIDO - TÉRMINO TÓPICO |
| Término tópico o elemento de entrada del nombre geográfico |
DIBUJOS ESPAÑOLES |
| 650 14 - ENTRADA DE SUJETO AÑADIDO - TÉRMINO TÓPICO |
| Subdivisión general |
EXPOSICIONES |
| 650 14 - ENTRADA DE SUJETO AÑADIDO - TÉRMINO TÓPICO |
| Término tópico o elemento de entrada del nombre geográfico |
PINTORES ESPAÑOLES |
| 650 14 - ENTRADA DE SUJETO AÑADIDO - TÉRMINO TÓPICO |
| Término tópico o elemento de entrada del nombre geográfico |
PINTURA ESPAÑOLA |
| 700 1# - ENTRADA AGREGADA - NOMBRE PERSONAL |
| Nombre de la persona |
Sisternas, Reyes \ Watson, Josephine \ García Pérez, Martín \ Gasull, Marti |